000 00970cab a2200217 4500
001 ABS43185
008 090401t1990 xxu||||| |||| 00| 0 eng d
035 _a(Sirsi) u40691
041 _aeng
245 _aAction on contaminated land stops short of change in clean-up liability
260 _c1990
350 _a0
490 _aENDS Report
_v186 July 1990, 26-31(3)
520 _aRecords the response to the House of Commons report on contaminated land , which made recommendations on a range of issues, including register s to be drawn up by local authorities of potentially contaminated land , soil quality standards, an appraisal of clean-up methods, prevention of contamination, role of NRA in protection of water and the abandonment of caveat emptor in connection with land sales .
650 _aBLIGHT
650 _aREMEDIAL TREATMENT
650 _aTOXIC SUBSTANCES
690 _aENVIRONMENTAL AND LAND CONSULTANCY
942 _n0
948 _c04/03/1997
999 _c26076
_d26076